00667cam a22002531 4500001001300000003000400013005001700017008004100034010001700075025002000092035002000112040002100132042001200153050001700165100003400182245003400216260001100250300003500261500001600296650004000312650000900352650003300361740001900394sa 67003141 DLC20260227112336.0950303s1965 ii a 000 0 beno  asa 67003141  aPL480:EP-B-1185 a(OCoLC)32084006 aDLCcCUdCUdDLC apremarc00aHQ525.I8bR31 aRahim, Mohammad Abdur,d1926-10aSvāmī strīra karttabya. c[1965] a9, 384 p.bcol. illus.c19 cm. aIn Bengali. 0aMarriagexReligious aspectsxIslam. 0aSex. 0aFamilieszIslamic countries.0 aMilana tattva.